000 00455nam a2200169Ia 4500
999 _c28466
_d28466
003 OSt
005 20201118111232.0
008 190216s9999||||xx |||||||||||||| ||und||
040 _coclc
082 _a894.8123
_bSET/B
100 _aSethunath, K P
_96708
245 0 _aBhroonam /
_cK P Sethunath
260 _bPen Books,
_aAluva:
_c2001.
300 _a143p
650 _aNovel
942 _cBK
_2ddc
_h894.8123
_iSET/B
_k894.8123
_mSET/B